00784nam a22001337a 4500008004100000040005500041245004900096260007800145942000700223999001700230952013500247952013400382952013400516230912b |||||||| |||| 00| 0 eng d aNational Science LibrarycNational Science Library aIEEE Expert intelligent & their applications bThe Institute of Electrical and Electronics Engineers, Inc., aNew York:  cCR c60539d60539 00103Vol. 10, No. 1-6, 199540709141575aNSLbNSLcSF/Rk-29/C-5/R-5d2023-09-12l0p139161r2023-09-12 00:00:00w2023-09-12yCR 00103Vol. 9, No. 1-6, 199440709141616aNSLbNSLcSF/Rk-29/C-5/R-5d2023-09-12l0p139160r2023-09-12 00:00:00w2023-09-12yCR 00103Vol. 8, No. 1-6, 199340709141636aNSLbNSLcSF/Rk-29/C-5/R-5d2023-09-12l0p139159r2023-09-12 00:00:00w2023-09-12yCR